000 01030 a2200217 4500
001 22310
005 20260407155512.0
008 260407a1983 arg spa d
003 AR-UNSa-BCEJYS
040 _aAR-UNSa-BCEJYS
_bspa
_cAR-UNSa-BCEJYS
080 _a658.012.4
_xGestión. Dirección. Autoridad. Técnicas y métodos de gestión (gestión del conocimiento, Outsourcing, Benchmarking...)
245 1 0 _aLa dirección por sistema
020 _a968-18-0579-8
264 1 _aMéxico :
_bLimusa
_c1983
300 _a278 p.
_c23 cm.
505 _a1. Los sistemas - 2. Constitución de los sistemas - 3. Los sistemas en la empresa - 4. Fin y objeto - 5. El sistema de planificación - 6. El sistema de información - 7. El sistema organizativo - 8. El sistema de control - 9. Los sistemas operativos -
942 _cBK
590 _aniveau_biblio:m niveau_hierar:0
100 1 _aPozo Navarro, Fernando del
856 4 1 _uhttps://biblioeco.unsa.edu.ar/pmb/images/libros/La Direccion por Sistemas.jpg
_yImagen de portada
_qimage/jpeg
999 _c957
_d957